<?xml version="1.0" encoding="UTF-8"?>
<collection xmlns="http://www.loc.gov/MARC21/slim">
 <record>
  <leader>01311nam a2200229 a 4500</leader>
  <controlfield tag="001">1/48912</controlfield>
  <controlfield tag="008">190611s2015    gr       b    00110 gre  </controlfield>
  <datafield tag="020" ind1=" " ind2=" ">
   <subfield code="a">9789604577361</subfield>
  </datafield>
  <datafield tag="035" ind1=" " ind2=" ">
   <subfield code="l">51910</subfield>
  </datafield>
  <datafield tag="040" ind1=" " ind2=" ">
   <subfield code="a">GR-PeUP</subfield>
  </datafield>
  <datafield tag="082" ind1="0" ind2="0">
   <subfield code="a">889.30902 ΣΤΑ</subfield>
  </datafield>
  <datafield tag="100" ind1="1" ind2=" ">
   <subfield code="a">Σταυρακοπούλου, Σωτηρία.</subfield>
  </datafield>
  <datafield tag="245" ind1="1" ind2="2">
   <subfield code="a">Η γερμανική κατοχή σε πεζογράφους της Θεσσαλονίκης /</subfield>
   <subfield code="c">Σωτηρία Σταυρακοπούλου.</subfield>
  </datafield>
  <datafield tag="260" ind1="0" ind2=" ">
   <subfield code="a">Θεσσαλονίκη :</subfield>
   <subfield code="b">Μαλλιάρης Παιδεία,</subfield>
   <subfield code="c">2015.</subfield>
  </datafield>
  <datafield tag="300" ind1=" " ind2=" ">
   <subfield code="a">95 σ. ;</subfield>
   <subfield code="c">21 εκ.</subfield>
  </datafield>
  <datafield tag="504" ind1=" " ind2=" ">
   <subfield code="a">Περιέχει βιβλιογραφικές σημειώσεις και πίνακα ονομάτων.</subfield>
  </datafield>
  <datafield tag="650" ind1=" " ind2="4">
   <subfield code="a">Νεοελληνική πεζογραφία</subfield>
   <subfield code="x">Ελλάδα</subfield>
   <subfield code="z">Θεσσαλονίκη</subfield>
   <subfield code="x">Ιστορία και κριτική.</subfield>
  </datafield>
  <datafield tag="650" ind1=" " ind2="4">
   <subfield code="a">Modern prose</subfield>
   <subfield code="z">Greece</subfield>
   <subfield code="z">Thessaloniki</subfield>
   <subfield code="x">History and criticism.</subfield>
  </datafield>
  <datafield tag="651" ind1=" " ind2="4">
   <subfield code="a">Θεσσαλονίκη</subfield>
   <subfield code="x">Ιστορία</subfield>
   <subfield code="y">Κατοχή,1941-1944</subfield>
   <subfield code="x">Στη λογοτεχνία.</subfield>
  </datafield>
  <datafield tag="651" ind1=" " ind2="0">
   <subfield code="a">Thessaloniki</subfield>
   <subfield code="x">History</subfield>
   <subfield code="y">Occupation, 1941-1944</subfield>
   <subfield code="x">In Literature.</subfield>
  </datafield>
  <datafield tag="852" ind1=" " ind2=" ">
   <subfield code="a">INST</subfield>
   <subfield code="b">UNIPILB</subfield>
   <subfield code="c">MAIN</subfield>
   <subfield code="e">20190611</subfield>
   <subfield code="h">889.30902 ΣΤΑ</subfield>
   <subfield code="p">00181534</subfield>
   <subfield code="q">00181534</subfield>
   <subfield code="t">LOAN</subfield>
   <subfield code="y">0</subfield>
   <subfield code="4">1</subfield>
  </datafield>
  <datafield tag="852" ind1=" " ind2=" ">
   <subfield code="a">INST</subfield>
   <subfield code="b">UNIPILB</subfield>
   <subfield code="c">MAIN</subfield>
   <subfield code="e">20190611</subfield>
   <subfield code="h">889.30902 ΣΤΑ</subfield>
   <subfield code="p">00181535</subfield>
   <subfield code="q">00181535</subfield>
   <subfield code="t">LOAN</subfield>
   <subfield code="y">0</subfield>
   <subfield code="4">2</subfield>
  </datafield>
 </record>
</collection>
